00481nam a2200169 a 450000100100000000500170001000800410002702000150006804000250008308200080010810000250011624500360014126000700017730000200024749000220026783000220028900004014420201002033938.0130808s1997 mx 000 0 spa d a9682900658 aDO-SdBNPbspacBNPHU axxx1 aGelman, Juan,d1930-10aIncompletamente /cJuan Gelman. aMéxico, :bConsejo Nacional para la Cultura y las Artes,c1997. a77 p. ;c21 cm.1 aPráctica mortal 0aPráctica mortal